Pays avec le plus petit pourcentage de côtes - Statistiques

Statistiques générales
  • Ce quiz a été pris 131 fois
  • Le résultat moyen est 12 sur 20
Statistiques - réponses
Pourcentage de côtes (%) Pays % Correct
0.34 République Démocratique du Congo
83%
1.35 Bosnie-Herzégovine
82%
9.76 Gambie
79%
2.98 République du Congo
79%
3.29 Togo
74%
5.73 Bénin
70%
3.4 Slovénie
65%
8.6 Guinée
60%
4.57 Belgique
57%
1.57 Irak
55%
13.38 Pakistan
54%
7.89 Syrie
54%
1.58 Jordanie
51%
8.23 Roumanie
51%
12.02 Bangladesh
50%
8.05 Cameroun
50%
7.22 Lituanie
47%
13.46 Kenya
40%
12.94 Mauritanie
34%
11.21 Soudan
30%
Aucun quiz correspondant
Distribution des résultats
% des personnes avec chaque résultat
Percentile par nombre de réponses
Votre historique - résultats
Vous n’avez pas pris ce quiz